El derecho del pueblo de Dios: hacia un sistema de derecho canónico

Saved in:
Bibliographic Details
Main Author: Hervada Xiberta, Francisco Javier (Author)
Other Authors: Lombardía, Pedro (autor)
Format: Book
Language:Spanish
Published: Pamplona Universidad de Navarra 1970
Series:Canónica de la Universidad de Navarra
Subjects:
Tags: Add Tag
No Tags, Be the first to tag this record!

MARC

LEADER 00000nam a2200000 a 4500
001 UCT7931
003 CL-VaPUC
008 970317e19700000SP |||||||||||||||||spa|d
082 0 4 |a 262.9  |b HER  |2 21 
100 |a Hervada Xiberta, Francisco Javier  |e author  |9 588604 
700 |a Lombardía, Pedro  |e autor  |9 616428 
245 1 3 |a El derecho del pueblo de Dios: hacia un sistema de derecho canónico 
300 |a v 
942 |c BK 
945 |d 19970317 00:00:00  |a paguirre 
260 |a Pamplona  |b Universidad de Navarra  |c 1970 
500 |a v.1: Introducción. La constitución de la Iglesia 
500 |a v.2 p.1: Derecho matrimonial 
650 7 |a DERECHO CANONICO  |2 CL-VaPUC  |9 379257 
650 7 |a LEGISLACION  |2 CL-VaPUC  |9 379258 
650 0 |a Iglesia Católica  |9 256114 
650 0 |a Historia  |9 255047 
650 0 |a Religión   |9 255164 
650 7 |a MATRIMONIO  |2 CL-VaPUC  |9 379259 
650 0 |a Sacramentos   |9 257270 
583 |a last modification  |c 19970317 00:00:00  |k Rodrigo Vera 
490 0 |a Canónica de la Universidad de Navarra 
999 |c 256477  |d 256475 
952 |0 0  |1 0  |4 0  |6 262_900000000000000_HER_1970  |7 0  |8 A  |9 279233  |a BIBDER  |b BIBDER  |d 2019-11-19  |h v.1  |i 1809784  |o 262.9 HER 1970  |p 1809784  |r 2023-01-25  |w 2019-11-19  |y BK  |k DER 
952 |0 0  |1 0  |4 0  |6 262_900000000000000_HER_1970  |7 0  |8 A  |9 279234  |a BIBDER  |b BIBDER  |d 2019-11-19  |h v.1  |i 1809792  |o 262.9 HER 1970  |p 1809792  |r 2023-01-25  |w 2019-11-19  |y BK  |k DER 
952 |0 0  |1 0  |4 0  |6 262_900000000000000_HER_1970  |7 0  |8 A  |9 279235  |a BIBDER  |b BIBDER  |d 2019-11-19  |h v.3 p.1  |i 1809806  |o 262.9 HER 1970  |p 1809806  |r 2023-01-25  |w 2019-11-19  |y BK  |k DER